Movies Quiz

Random Movies or Clickable Quiz

Six Word Hints for Six Letter Films Quiz Stats

 Plays Quiz Updated Jun 5, 2019

Score 0/20 Timer 02:30
0 Plays Today
% Correct
Batman
96.6%
Psycho
96.2%
Grease
95%
Top Gun
93.3%
Avatar
92.5%
Carrie
90.1%
Amélie
88.8%
Air Bud
86%
Oliver!
85.7%
Ben-Hur
84.9%
% Correct
Patton
84.5%
Ransom
80.9%
Mad Max
78.5%
Aliens
77.5%
Be Cool
75.5%
Lolita
75.1%
Sleuth
70.6%
Snatch
69.7%
Kinsey
69.3%
Closer
62.9%

You're not logged in!

Compare scores with friends on all Sporcle quizzes.
OR
Log In

Sporcle TV

Today on Sporcle TV


Watch our educational content, quiz creation guides, and fun videos on Sporcle TV.

Show Comments

Extras

Top Quizzes Today


Score Distribution

Your Account Isn't Verified!

In order to create a playlist on Sporcle, you need to verify the email address you used during registration. Go to your Sporcle Settings to finish the process.

Report this User

Report this user for behavior that violates our Community Guidelines.

Details: